000
00253nam a22001217a 4500
008
170622b xxu||||| |||| 00| 0 eng d
041
_a
eng
080
_a
324
100
_a
20
101
_a
shp
245
_a
MONEY MATERS
_c
GROSS.D.A
942
_2
udc
_c
BK
999
_c
18589
_d
18589